Regional Risk Analysis and Development Trends in Food Retail under Military Conflict: The Case of Ukraine

Tento článok analyzuje riziká a trendy vývoja sektora maloobchodu s potravinami v regiónoch Ukrajiny počas vojenského konfliktu. Používa sa kombinovaný prístup, ktorý integruje kvantitatívne aj kvalitatívne výskumné metódy. Posúdenie úrovne rizika je založené na šiestich kľúčových kritériách: fyzick...

Ausführliche Beschreibung

Gespeichert in:
Bibliographische Detailangaben
1. Verfasser: Yehorova, Yuliia, 1978-
Format: Buchkapitel
Sprache:Englisch
Schlagworte:
Tags: Tag hinzufügen
Keine Tags, Fügen Sie das erste Tag hinzu!

MARC

LEADER 00000naa$a2200000$$$4500
001 0312736
005 20251110105842.6
041 0 |a eng 
044 |a SK 
245 1 0 |a Regional Risk Analysis and Development Trends in Food Retail under Military Conflict: The Case of Ukraine  |c Yuliia Yehorova 
520 |a Tento článok analyzuje riziká a trendy vývoja sektora maloobchodu s potravinami v regiónoch Ukrajiny počas vojenského konfliktu. Používa sa kombinovaný prístup, ktorý integruje kvantitatívne aj kvalitatívne výskumné metódy. Posúdenie úrovne rizika je založené na šiestich kľúčových kritériách: fyzická bezpečnosť, logistika a zásobovanie, hospodárska aktivita, infraštruktúra, potenciál obnovy a demografia. Na určenie významnosti každého kritéria sa používajú váhové koeficienty. Článok navyše systematizuje údaje o dynamike otvárania predajní hlavnými maloobchodnými sieťami v rokoch 2019 – 2024 a poskytuje regionálnu analýzu Ukrajiny z hľadiska hrozieb a strategických príležitostí pre rozvoj maloobchodu. 
610 2 0 |a Ukrajina 
610 2 0 |a vojny 
610 2 0 |a maloobchod 
610 2 0 |a potraviny 
610 2 0 |a zamestnanci 
610 2 0 |a príležitosť pracovná 
100 1 |a Yehorova, Yuliia, 1978-